Every PLL Team Ever - Statistics

General Stats
  • This quiz has been taken 46 times
  • The average score is 7 of 9
Answer Stats
Answer % Correct
New York Atlas
91%
Philadelphia Waterdogs
89%
California Redwoods
86%
Denver Outlaws
80%
Carolina Chaos
77%
Maryland Whipsnakes
71%
Utah Archers
71%
Boston Cannons
66%
Chrome Lacrosse Club
51%
No matching quizzes found
Score Distribution
Percent of People with Each Score
Percentile by Number Answered
Your Score History
You have not taken this quiz